<?xml version="1.0" encoding="UTF-8"?><?xml-stylesheet type="text/xsl" href="static/style.xsl"?><OAI-PMH xmlns="http://www.openarchives.org/OAI/2.0/" xmlns:xsi="http://www.w3.org/2001/XMLSchema-instance" xsi:schemaLocation="http://www.openarchives.org/OAI/2.0/ http://www.openarchives.org/OAI/2.0/OAI-PMH.xsd"><responseDate>2026-04-18T01:18:58Z</responseDate><request verb="GetRecord" identifier="oai:www.recercat.cat:20.500.12327/3199" metadataPrefix="marc">https://recercat.cat/oai/request</request><GetRecord><record><header><identifier>oai:recercat.cat:20.500.12327/3199</identifier><datestamp>2025-10-22T11:00:09Z</datestamp><setSpec>com_2072_4428</setSpec><setSpec>com_2072_4427</setSpec><setSpec>col_2072_487898</setSpec></header><metadata><record xmlns="http://www.loc.gov/MARC21/slim" xmlns:dcterms="http://purl.org/dc/terms/" xmlns:xsi="http://www.w3.org/2001/XMLSchema-instance" xmlns:doc="http://www.lyncode.com/xoai" xsi:schemaLocation="http://www.loc.gov/MARC21/slim http://www.loc.gov/standards/marcxml/schema/MARC21slim.xsd">
   <leader>00925njm 22002777a 4500</leader>
   <datafield ind2=" " ind1=" " tag="042">
      <subfield code="a">dc</subfield>
   </datafield>
   <datafield ind2=" " ind1=" " tag="720">
      <subfield code="a">Subira, Joan</subfield>
      <subfield code="e">author</subfield>
   </datafield>
   <datafield ind2=" " ind1=" " tag="720">
      <subfield code="a">Peña, Roberto Javier</subfield>
      <subfield code="e">author</subfield>
   </datafield>
   <datafield ind2=" " ind1=" " tag="720">
      <subfield code="a">Álvaro, Fanny</subfield>
      <subfield code="e">author</subfield>
   </datafield>
   <datafield ind2=" " ind1=" " tag="720">
      <subfield code="a">Ammar, Karim</subfield>
      <subfield code="e">author</subfield>
   </datafield>
   <datafield ind2=" " ind1=" " tag="720">
      <subfield code="a">Ramdani, Abdelhamid</subfield>
      <subfield code="e">author</subfield>
   </datafield>
   <datafield ind2=" " ind1=" " tag="720">
      <subfield code="a">Royo, Conxita</subfield>
      <subfield code="e">author</subfield>
   </datafield>
   <datafield ind2=" " ind1=" " tag="260">
      <subfield code="c">2014-01-02</subfield>
   </datafield>
   <datafield ind2=" " ind1=" " tag="520">
      <subfield code="a">Genetic improvement of quality traits of durum wheat achieved in Italy and Spain during the 20th Century was investigated using an historical series of 12 cultivars from each country. The European Union durum wheat quality index increased by 6.25% (0.13% year–1 in Italian and 0.06% year–1 in Spanish cultivars). Protein content decreased by ~10% (–0.14% year–1 in Italian and –0.19% year–1 in Spanish cultivars) but protein per ha increased at a rate of 0.35% year–1 (0.41% year–1 in Spanish and 0.26% year–1 in Italian cultivars). Yellow colour index increased by 9.9% (0.15% year–1 in Italian and 0.10% year–1 in Spanish cultivars). Test weight and vitreousness did not suffer significant changes over time. Gluten strength increased by 32.1% or 0.54% year–1 in Italian, and 27.9% or 0.33% year–1 in Spanish cultivars. Much larger genetic control on gluten strength was found in Italian than in Spanish cultivars. Changes in sedimentation index (41.1% or 0.64% year–1 in Italy, and 41.6% or 0.49% year–1 in Spain) were the consequence of the progressive incorporation into recent cultivars of favourable low molecular weight glutenin subunits (LMW-GS). Breeding increased the frequency of the LMWGS combination aaa, which was present in 75% of all intermediate cultivars and in 100% of the modern Italian cultivars. A LMW-GS combination not previously reported (d?b) was identified in two modern Spanish cultivars. Breeding programs were also successful in increasing the stability of gluten strength and the sedimentation index.</subfield>
   </datafield>
   <datafield ind1="8" ind2=" " tag="024">
      <subfield code="a">Subira, Joan, Roberto Javier Peña, Fanny Álvaro, Karim Ammar, Abdelhamid Ramdani, and Conxita Royo. 2014. "Breeding Progress In The Pasta-Making Quality Of Durum Wheat Cultivars Released In Italy And Spain During The 20Th Century". Crop And Pasture Science 65 (1): 16. doi:10.1071/cp13238.</subfield>
   </datafield>
   <datafield ind1="8" ind2=" " tag="024">
      <subfield code="a">1836-0947</subfield>
   </datafield>
   <datafield ind1="8" ind2=" " tag="024">
      <subfield code="a">http://hdl.handle.net/20.500.12327/3199</subfield>
   </datafield>
   <datafield ind1="8" ind2=" " tag="024">
      <subfield code="a">https://doi.org/10.1071/CP13238</subfield>
   </datafield>
   <datafield ind2="0" ind1="0" tag="245">
      <subfield code="a">Breeding progress in the pasta-making quality of durum wheat cultivars released in Italy and Spain during the 20th Century</subfield>
   </datafield>
</record></metadata></record></GetRecord></OAI-PMH>